Compendio de la historia del derecho romano / (Record no. 20569)
[ view plain ]
| 000 -LEADER | |
|---|---|
| campo de control de longitud fija | 00990nam a2200241 i 4500 |
| 001 - NÚMERO DE CONTROL | |
| campo de control | 20569 |
| 003 - IDENTIFICADOR DE NÚMERO DE CONTROL | |
| campo de control | ES-MaACL |
| 005 - FECHA Y HORA DE LA ÚLTIMA TRANSACCIÓN | |
| campo de control | 20251003063036.0 |
| 007 - CAMPO FIJO DE DESCRIPCIÓN FÍSICA--INFORMACIÓN GENERAL | |
| campo de control de longitud fija | t| |
| 008 - DATOS DE LONGITUD FIJA--INFORMACIÓN GENERAL | |
| campo de control de longitud fija | 021114s1879 sp ||||1| spa d |
| 100 1# - ENTRADA PRINCIPAL--NOMBRE DE PERSONA | |
| Nombre de persona | Ahrens, Heinrich, |
| Fechas asociadas al nombre | 1808-1874 |
| 9 (RLIN) | 18949 |
| 245 10 - MENCIÓN DEL TÍTULO | |
| Título | Compendio de la historia del derecho romano / |
| Mención de responsabilidad, etc. | Enrique Ahrens ; versión directa del alemán, con notas críticas por F. Giner, G. de Azcárate y A.G. de Linares. |
| 260 ## - PUBLICACIÓN, DISTRIBUCIÓN, ETC. | |
| Lugar de publicación, distribución, etc. | Madrid : |
| Nombre del editor, distribuidor, etc. | Librería de Victoriano Suárez, |
| Fecha de publicación, distribución, etc. | 1879 ( |
| Fabricante | Imp. de J.M. Pérez) |
| 300 ## - DESCRIPCIÓN FÍSICA | |
| Extensión | 240 p. ; |
| Dimensiones | 18 cm. |
| 530 ## - NOTA DISPONIBLE DE FORMULARIO FÍSICO ADICIONAL | |
| Nota de formato físico adicional disponible | Disponible en formato digital. |
| 650 #4 - PUNTO DE ACCESO ADICIONAL DE MATERIA--TÉRMINO DE MATERIA | |
| Término de materia o nombre geográfico como elemento de entrada | Derecho romano- |
| Subdivisión de forma | Historia. |
| 9 (RLIN) | 11766 |
| 700 1# - ENTRADA AGREGADA--NOMBRE PERSONAL | |
| Nombre de persona | Giner de los Ríos, Francisco, |
| Fechas asociadas al nombre | 1839-1915 |
| 9 (RLIN) | 57122 |
| 700 1# - ENTRADA AGREGADA--NOMBRE PERSONAL | |
| Nombre de persona | Azcárate, Gumersindo de, |
| Fechas asociadas al nombre | 1840-1917 |
| 9 (RLIN) | 24243 |
| 700 1# - ENTRADA AGREGADA--NOMBRE PERSONAL | |
| Nombre de persona | Linares, Augusto G. de. |
| 9 (RLIN) | 72332 |
| 852 ## - LOCALIZACIÓN | |
| Ubicación | ES-MaACL |
| Número de control de estantería | F-6437 |
| 856 ## - LOCALIZACIÓN Y ACCESO ELECTRÓNICOS | |
| Identificador Uniforme de Recursos | <a href="http://bdh-rd.bne.es/viewer.vm?id=0000074883&page=1 ">http://bdh-rd.bne.es/viewer.vm?id=0000074883&page=1 </a> |
| Nota pública | Biblioteca Digital Hispánica |
| Estatus retirado | Estado de pérdida | Estado de daño | No para préstamo | Colección | Biblioteca de origen | Biblioteca actual | Ubicación en estantería | Fecha de adquisición | Fuente de adquisición | Total de préstamos | Signatura topográfica completa | Código de barras | Visto por última vez | Precio de reemplazo | Tipo de ítem Koha |
|---|---|---|---|---|---|---|---|---|---|---|---|---|---|---|---|
| Colección digital | Biblioteca del Ateneo de Madrid | Biblioteca del Ateneo de Madrid | Depósito 2 | 17/01/2008 | F-6437 | 1021119 | 23/02/2023 | 23/02/2023 | Libro impreso antiguo |
